Calvert math: (Record no. 115033)
[ view plain ]
| 000 -LEADER | |
|---|---|
| fixed length control field | 00407nam a2200133 a 4500 |
| 005 - DATE AND TIME OF LATEST TRANSACTION | |
| control field | 20140414132120.0 |
| 008 - FIXED-LENGTH DATA ELEMENTS--GENERAL INFORMATION | |
| fixed length control field | 120822s19uu xx 00 eng d |
| 050 ## - LIBRARY OF CONGRESS CALL NUMBER | |
| Classification number | TR 372.7 |
| Item number | C167 2000 |
| 245 ## - TITLE STATEMENT | |
| Title | Calvert math: |
| Remainder of title | practice and enrichment workbook. |
| 260 ## - PUBLICATION, DISTRIBUTION, ETC. (IMPRINT) | |
| Place of publication, distribution, etc | Hunt Valley, Maryland : |
| Name of publisher, distributor, etc | Calvert School, |
| Date of publication, distribution, etc | 2000. |
| 300 ## - PHYSICAL DESCRIPTION | |
| Extent | 229 |
| 650 ## - SUBJECT ADDED ENTRY--TOPICAL TERM | |
| Topical term or geographic name as entry element | Mathematics- practice &enrichnment workbook. |
| Withdrawn status | Lost status | Damaged status | Home library | Current library | Shelving location | Date acquired | Source of acquisition | Total Checkouts | Full call number | Barcode | Date last seen | Price effective from | Koha item type |
|---|---|---|---|---|---|---|---|---|---|---|---|---|---|
| Munich Library | Munich Library | Teachers Reference Section | 08/22/2012 | TR 372.7 C167 2000 | M6989 | 04/14/2014 | 04/14/2014 | Books |